| 000 | 01528nam a2200361Ia 4500 | ||
|---|---|---|---|
| 001 | ebr10159607 | ||
| 003 | CaPaEBR | ||
| 006 | m u | ||
| 007 | cr cn||||||||| | ||
| 008 | 020604r20021989mnu s s000 0deng d | ||
| 020 | _z0816641854 (pbk. : alk. paper) | ||
| 040 |
_aCaPaEBR _cCaPaEBR |
||
| 035 | _a(OCoLC)228145243 | ||
| 050 | 1 | 4 |
_aF610 _b.C66 2002eb |
| 082 | 0 | 4 |
_a977.6/771 _221 |
| 100 | 1 | _aCook, Sam. | |
| 245 | 1 | 0 |
_aQuiet magic _h[electronic resource] / _cSam Cook ; illustrations by Bob Carr. |
| 250 | _a1st University of Minnesota Press ed. | ||
| 260 |
_aMinneapolis : _bUniversity of Minnesota Press, _c2002. |
||
| 300 | _a181 p. | ||
| 500 | _aOriginally published: Duluth, MN : Pfeifer-Hamilton, c1989. | ||
| 500 | _aA collection of stories and columns which originally appeared in the Duluth News-Tribune. | ||
| 533 |
_aElectronic reproduction. _bPalo Alto, Calif. : _cebrary, _d2009. _nAvailable via World Wide Web. _nAccess may be limited to ebrary affiliated libraries. |
||
| 600 | 1 | 0 |
_aCook, Sam _vAnecdotes. |
| 650 | 0 |
_aOutdoor life _zMinnesota _vAnecdotes. |
|
| 650 | 0 |
_aOutdoor life _zMinnesota _zDuluth Region _vAnecdotes. |
|
| 651 | 0 |
_aMinnesota _xDescription and travel _vAnecdotes. |
|
| 651 | 0 |
_aDuluth Region (Minn.) _xDescription and travel _vAnecdotes. |
|
| 655 | 7 |
_aElectronic books. _2local |
|
| 700 | 1 | _aCarr, Bob. | |
| 710 | 2 | _aebrary, Inc. | |
| 856 | 4 | 0 |
_uhttp://site.ebrary.com/lib/rucke/Doc?id=10159607 _zAn electronic book accessible through the World Wide Web; click to view |
| 999 |
_c244314 _d244314 |
||